| 000 -LEADER |
| fixed length control field |
00609nam a22001577a 4500 |
| 003 - CONTROL NUMBER IDENTIFIER |
| control field |
OSt |
| 005 - DATE AND TIME OF LATEST TRANSACTION |
| control field |
20151104153642.0 |
| 008 - FIXED-LENGTH DATA ELEMENTS--GENERAL INFORMATION |
| fixed length control field |
151104b xxu||||| |||| 00| 0 eng d |
| 040 ## - CATALOGING SOURCE |
| Transcribing agency |
RUA |
| 082 ## - DEWEY DECIMAL CLASSIFICATION NUMBER |
| Classification number |
FOR ឱម 1994 B119 Or1. |
| 100 ## - MAIN ENTRY--PERSONAL NAME |
| 9 (RLIN) |
3361 |
| Personal name |
ឱម វីរៈ |
| 245 ## - TITLE STATEMENT |
| Title |
សត្វល្អិត និងជំងឺសំខាន់ៗក្នុងកិច្ចការពារកូនឈើក្នុងថ្នាល នៅស្ថានីយ៍ដំាឈើភ្នំតាម៉ៅ; |
| 260 ## - PUBLICATION, DISTRIBUTION, ETC. (IMPRINT) |
| Place of publication, distribution, etc. |
Phnom Penh |
| Name of publisher, distributor, etc. |
RUA |
| Date of publication, distribution, etc. |
1994 |
| 300 ## - PHYSICAL DESCRIPTION |
| Extent |
66p. |
| Other physical details |
ill. |
| Dimensions |
29cm. |
| 942 ## - ADDED ENTRY ELEMENTS (KOHA) |
| Source of classification or shelving scheme |
|
| Koha item type |
FOR |